000 01647nam0a2200361 i 4500
001 RU\NLR\BIBL_A\010944241
005 20241103023214.0
010 _a9785893534719
_9500
021 _aRU
_b2015-95003
_95878
035 _a(NILC)RuMoRGB-008092651
035 _a(NLR Aleph) 010944241
090 _a10761817
_c10761817
100 _a20151224d2015 km y0rusy50 ca
101 0 _arus
102 _aRU
105 _ay|||z|||000yy
200 1 _aСовременные представления о психической норме и патологии
_eпсихологический, клинический и социальный аспекты
_e[сборник статей]
_fМосковский ин-т психоанализа
_gотв. ред. Н. Л. Белопольская
210 _aМосква
_cКогито-Центр
_d2015
215 _a291, [1] с.
_cил., табл.
_d23
225 1 _aКлиническая психология
320 _aБиблиогр. в конце ст.
606 _aПсихические болезни
_jСборники
_xПсихологические исследования
_92005699
_3RU\NLR\AUTH\66921953
675 _a616.89
686 1 _aР64-435я43
686 1 _aЮ948.1-8я43
686 1 _aЮ948.4я43
702 1 _4340
_7ca
_8rus
_aБелопольская
_bН. Л.
_gНаталия Львовна
_9153727
_3RU\NLR\AUTH\770153765
712 0 2 _4570
_aМосковский институт психоанализа
_9765396
_3RU\NLR\AUTH\880549846
801 0 _aRU
_bРГБ
_c20151209
_gRCR
942 _cBOOK
980 _aNBR